NEEM (Record no. 348547)

000 -LEADER
fixed length control field 00626 a2200217 4500
003 - CONTROL NUMBER IDENTIFIER
control field OSt
005 - DATE AND TIME OF LATEST TRANSACTION
control field 20180116182924.0
008 - FIXED-LENGTH DATA ELEMENTS--GENERAL INFORMATION
fixed length control field 160822b xxu||||| |||| 00| 0 eng d
020 ## - INTERNATIONAL STANDARD BOOK NUMBER
International Standard Book Number 0
040 ## - CATALOGING SOURCE
Transcribing agency 0
050 ## - LIBRARY OF CONGRESS CALL NUMBER
Classification number 338.17497325 COU 2008
082 ## - DEWEY DECIMAL CLASSIFICATION NUMBER
Classification number 338.17497325 COU 2008
100 ## - MAIN ENTRY--PERSONAL NAME
Personal name National Research Council.
110 ## - MAIN ENTRY--CORPORATE NAME
Corporate name or jurisdiction name as entry element National Research Council.
245 ## - TITLE STATEMENT
Title NEEM
Remainder of title A Tree for Solving Global Problems.
Statement of responsibility, etc. National Research Council.
260 ## - PUBLICATION, DISTRIBUTION, ETC.
Place of publication, distribution, etc. Pakistan
Name of publisher, distributor, etc. National Research Council.
Date of publication, distribution, etc. 2008
300 ## - PHYSICAL DESCRIPTION
Extent 123p.
Other physical details PB
440 ## - SERIES STATEMENT/ADDED ENTRY--TITLE
Title NEEM
500 ## - GENERAL NOTE
General note Paper cover.
942 ## - ADDED ENTRY ELEMENTS (KOHA)
Institution code [OBSOLETE] NBS
Koha item type Book
Call number prefix 338.17497325 COU 2008
Source of classification or shelving scheme
Holdings
Withdrawn status Lost status Damaged status Not for loan Permanent Location Current Location Date acquired Total Checkouts Full call number Barcode Date last seen Date last checked out Price effective from Koha item type
        Central Library (CL) Central Library (CL) 08/28/2013 1 338.1 COU NBSD-1748 11/22/2017 08/09/2017 08/28/2013 Book
© 2023 Central Library, National University of Sciences and Technology. All Rights Reserved.